• 首页
  • 本馆介绍
  • 公告通知
  • 最新文献
  • 馆藏检索
  • 电子资源
  • 读者导购
  • 参考咨询
  • 我的图书馆
  • 登录
  • 详细信息显示
  • 放入我的书架
  • 预约/预借图书
  • 作者相关作品
  • 分类相关作品
  • 丛书相关作品
  • 出版社相关作品

书目信息

  • 表格格式
  • 工作单格式
  • 卡片格式
题名:
儒学第三期发展的前景问题:大陆讲学﹑答疑和讨论
    
 
作者: 杜维明 著
分册:  
出版信息: 北京   生活﹒读书﹒新知三联书店  2013.06
页数: 321页
开本: 24cm
丛书名:
单 册:
中图分类: B220.5
科图分类:
主题词:
电子资源:
ISBN: 978-7-108-04307-8
000 00630nam0 2200169 450
001 202410219396512092
005 20241021143622.53
010    @a978-7-108-04307-8@d¥42.00
100    @a20241021d km y0chiy0120 ea
101 0  @achi
200 1  @a儒学第三期发展的前景问题:大陆讲学﹑答疑和讨论@ARu Xue Di San Qi Fa Zhan De Qian Jing Wen Ti:Da Lu Jiang Xue﹑Da Yi He Tao Lun@f杜维明著@FDu Wei Ming Zhu
210    @a北京@c生活﹒读书﹒新知三联书店@d2013.06
215    @a321页@d24cm
690    @aB220.5@v4
701  0 @a杜维明@ADu Wei Ming@4著
801  0 @aCN@b大连网信软件有限公司图书馆·11@c20241021
905    @aZUCC@b7511349@dB220.5@e1107@f1
    
    儒学第三期发展的前景问题:大陆讲学﹑答疑和讨论/杜维明著.-北京:生活﹒读书﹒新知三联书店,2013.06
    321页;24cm
    
    
    ISBN 978-7-108-04307-8:¥42.00
    
●
相关链接 在E读中查询图书 在五车中查询图书 在当当中查询图书 在豆瓣中查询图书


正题名:儒学第三期发展的前景问题:大陆讲学﹑答疑和讨论     索取号:B220.5/1107         预约/预借

序号 登录号 条形码 馆藏地/架位号 状态 备注
1 7511349   275113495   密集书库-史法系/ [索取号:B220.5/1107] 在馆    
唐山师范学院图书馆 欢迎您!
大连网信软件有限公司© 版权所有